| 000 | 00443cam a2200169ua 4500 | ||
|---|---|---|---|
| 001 | 25300 | ||
| 005 | 20220606103339.0 | ||
| 008 | 211209b ||||| |||| 00| 0 eng d | ||
| 040 | _c | ||
| 082 |
_a822 _bLOV |
||
| 100 |
_aEDITED BY MAHAPATRA, ARUN & OTHERS _eEDITOR |
||
| 245 |
_aLOVE CANONIZED : THE POETRY OF SPENCER AND DONNE _hENG |
||
| 250 | _a1ST | ||
| 260 |
_aNEW DELHI _bWORLDVIEW _c2014 |
||
| 300 |
_a436p.; _c22CM |
||
| 942 |
_2ddc _cBK |
||
| 999 |
_c28547 _d28547 |
||